Military Aircraft from image (with hint) - Statistics

General Stats
  • This quiz has been taken 165 times
  • The average score is 15 of 30
Answer Stats
Picture Hint Answer % Correct
Sometimes known to have Longbow in its name AH-64 Apache
86%
Shares the same name with the P-47 A-10 Thunderbolt
80%
Fighter developed by multiple European Countries Eurofighter Typhoon
80%
Iconic aircraft named after a dinosaur F-22 Raptor
79%
In my opinion, its technically a VTOL version of the Raptor F-35 Lightning
71%
Top Gun F-14 Tomcat
70%
A transport named after something found in space due to its large size C-5 Galaxy
64%
Europe's helicopter named after a big cat Eurocopter Tiger
64%
Still hasn't been used for what it was originally intended to do (using nuclear weapons) B-52 Stratofortress
60%
Although it looks like it, this ain't a Fulcrum Su-27 Flanker
58%
French Naval Aircraft Dassault Rafale M
56%
Although it looks like it, this ain't a Flanker MiG-29 Fulcrum
55%
A naval Flanker but you have to guess the correct version (Hint: Su- then a number between 27 and 36) Su-33 Flanker
55%
This aircraft is so spooky AC-130 Spectre
53%
Named after a deadly spider YF-23 Black Widow
53%
World's heaviest aircraft An-225 Myria
52%
A helicopter that also can drop bombs Mi-24 Hind
52%
The model he is holding Su-47 Berkut
49%
Chinese Stealth Fighter Chengdu J-20
47%
This is gonna be hard as there are 3 different names for it T-50 PAK FA/Su-50/Su-57
46%
All its variants have been named after snakes AH-1 Viper
44%
Is a Flanker, but not one at the same time Su-34 Fullback/Strike Flanker
43%
A Swedish Dragon J35 Draken
41%
I bet some of you will say this is an F-16 F-2 Viper Zero
38%
Large transport plane from Russia Il-76 Candid
38%
Technically a Flanker but Chinese Shenyang J-15
29%
Oddly named after a part of the body thats 3 letters long Mi-8 Hip
23%
Somehow its not the Blackhawk MH-60 Knighthawk
14%
Chinese aircraft which its name sounds like a soft drink Q-5 Fantan
12%
I bet only the Ace Combat fans will guess this from the outline X-02 Wyvern
10%
No matching quizzes found
Score Distribution
Percent of People with Each Score
Percentile by Number Answered
Your Score History
You have not taken this quiz